مكتبة جامعة عجلون الوطنية

فهرس بحث المكتبة

الفن والمجتمع عبر التاريخ، الجزء الثاني / (Record no. 33757)

MARC details
000 -LEADER
fixed length control field 00855nam a22002177a 4500
003 - CONTROL NUMBER IDENTIFIER
control field JO-AjAnu
005 - DATE AND TIME OF LATEST TRANSACTION
control field 20241019110349.0
008 - FIXED-LENGTH DATA ELEMENTS--GENERAL INFORMATION
fixed length control field 241019b jo ||||| |||| 00| 0 ara d
020 ## - INTERNATIONAL STANDARD BOOK NUMBER
International Standard Book Number 9789779101316
040 ## - CATALOGING SOURCE
Original cataloging agency JO-AjAnu
Language of cataloging ara
Transcribing agency JO-AjAnu
Modifying agency JO-AjAnu
Description conventions rda
041 ## - LANGUAGE CODE
Language code of text/sound track or separate title ara
Language code of original ara
050 ## - LIBRARY OF CONGRESS CALL NUMBER
Classification number N72.
Item number S6.H3 2015
100 #1 - MAIN ENTRY--PERSONAL NAME
Personal name هاوزر، ارنولد
Relator term مؤلف
9 (RLIN) 66313
245 #0 - TITLE STATEMENT
Title الفن والمجتمع عبر التاريخ، الجزء الثاني /
Statement of responsibility, etc. تأليف ارنولد هاوزر؛ ترجمة فؤاد زكريا
260 ## - PUBLICATION, DISTRIBUTION, ETC.
Place of publication, distribution, etc. الاسكندرية :
Name of publisher, distributor, etc. دار الوفاء لدنيا الطباعة والنشر،
Date of publication, distribution, etc. 2015
300 ## - PHYSICAL DESCRIPTION
Extent 588 صفحة
504 ## - BIBLIOGRAPHY, ETC. NOTE
Bibliography, etc. note يحتوي على صور
650 70 - SUBJECT ADDED ENTRY--TOPICAL TERM
Topical term or geographic name entry element الفن والمجتمع-الفن-تاريخ
9 (RLIN) 66315
700 #1 - ADDED ENTRY--PERSONAL NAME
Personal name زكريا، فؤاد
Relator term مترجم
9 (RLIN) 66316
942 ## - ADDED ENTRY ELEMENTS (KOHA)
Source of classification or shelving scheme Library of Congress Classification
Koha item type Books
Suppress in OPAC No
Holdings
Withdrawn status Lost status Source of classification or shelving scheme Damaged status Not for loan Home library Current library Date acquired Total Checkouts Full call number Barcode Date last seen Price effective from Koha item type
    Library of Congress Classification     مكتبة جامعة عجلون الوطنية مكتبة جامعة عجلون الوطنية 19/10/2024   N72.S6.H3 2015 a30069 19/10/2024 19/10/2024 Books